00493nam a2200157Ia 4500100001900000650000900019942000700028366000700035245006200042260001400104082001500118300000900133546002300142999001700165952015300182 aShah/Sharanam  aJava cBK f20 aJava EE Project using EJB3 JPA and struts 2 for begineers bSPDc2009 a5.133bSHA a1129 aENGLISHcComputers c24936d24936 001040708CRCaCRCEbCRCEd2023-03-17eBook Service Syndicateg820.00i519 dt 28/03/2012l0o5.133 SHAp21869r2023-03-17v1025.00w0000-00-00yBK